[Event "Capablanca Memorial op-B 48th"]
[Site "Havana"]
[Date "2013.04.27"]
[Round "6"]
[White "Suarez Cabo, Ariel"]
[Black "Campos Jimenez, Augusto Cesar"]
[Result "0-1"]
[WhiteElo "2137"]
[BlackElo "2203"]
[PlyCount "76"]
[EventDate "2013.04.21"]
[EventType "swiss"]
[EventRounds "9"]
[EventCountry "CUB"]
[SourceTitle "CBM 154 Extra"]
[Source "ChessBase"]
[SourceDate "2013.06.25"]
[SourceVersion "2"]
[SourceVersionDate "2013.06.25"]
[SourceQuality "1"]

1. e4 e5 2. Nf3 Nc6 3. Bc4 Nf6 4. d3 Bc5 5. Bg5 h6 6. Bh4 d6 7. Nc3 g5 8. Nxg5 hxg5 9. Bxg5 Rg8 10. h4 Be6 11. Nd5 Bxd5 12. exd5 Nb8 13. Qf3 Rg6 14. 0-0-0 a6 15. d4 e4 16. Rhe1 Kf8 17. Rxe4 Rxg5 18. hxg5 Nxe4 19. Qxe4 Bb6 20. Qf5 Nd7 21. c3 Kg7 22. Rh1 Nf8 23. f4 Ng6 24. Qg4 Qe7 25. f5 Qe3+ 26. Kc2 Rh8 27. f6+ Kf8 28. Rxh8+ Nxh8 29. Qc8+ Qe8 30. Qh3 Kg8 31. Bd3 Ng6 32. Bxg6 fxg6 33. Qe6+ Qxe6 34. dxe6 d5 35. Kd3 c6 36. Ke3 Bc7 37. b3 Kf8 38. c4 Bh2 0-1

[Event "Capablanca Memorial op-B 48th"]
[Site "Havana"]
[Date "2013.04.22"]
[Round "2"]
[White "Suarez Cabo, Ariel"]
[Black "Garcia Matos, Richard Alejandro"]
[Result "0-1"]
[WhiteElo "2137"]
[BlackElo "2253"]
[PlyCount "48"]
[EventDate "2013.04.21"]
[EventType "swiss"]
[EventRounds "9"]
[EventCountry "CUB"]
[SourceTitle "CBM 154 Extra"]
[Source "ChessBase"]
[SourceDate "2013.06.25"]
[SourceVersion "2"]
[SourceVersionDate "2013.06.25"]
[SourceQuality "1"]

1. e4 c5 2. Nf3 d6 3. d4 Nf6 4. Nc3 cxd4 5. Nxd4 a6 6. Bc4 e6 7. 0-0 b5 8. Bb3 b4 9. Na4 Bd7 10. Re1 Be7 11. c3 a5 12. Bd2 Na6 13. cxb4 axb4 14. a3 Qb8 15. axb4 Nxb4 16. Bc3 0-0 17. Qd2 Nc6 18. Nxc6 Bxc6 19. Bc2 e5 20. b3 Qb7 21. Qd3 Rfc8 22. Rac1 Bb5 23. Qf3 Rc7 24. Bb2 Bxa4 0-1